000 02711cam a22003257i 4500
999 _c7784
_d7784
003 OSt
005 20200521122037.0
008 171002t20182018nyuad b 000 0 eng d
020 _a9781945150791
_q(pbk.)
082 0 4 _a724.6GHO
_223
100 1 _aGhosn, Rania,
_eauthor.
245 1 0 _aGeostories :
_banother architecture for the environment /
_cRania Ghosn and El Hadi Jazairy (Design Earth).
300 _a231 pages :
_billustrations (some color), maps ;
_c24 cm.
505 0 _aTerrarium. After Oil ; Towers on Wire ; Belly of a Mountain ; Georama of Trash ; Trash Peaks --Aquarium. Of Oil and Ice ; Apart, We Are Together ; A Geographic Stroll Around the Horizon ; Pacific Aquarium --Planetarium. Blue Marble Circus ; Airpocalypse ; Neck of the Moon ; Love Your Monsters ; Cosmorama -- Assemblies -- Section Cut: an Allegorical Construct of the World / Nader Tehrani -- Anthropocene Architecture: Design Earth's Geostories / Peder Anker and Nina Edwards Anker -- The Role of Design in the New Climatic Regime / Albena Yaneva.
520 _a"How do we make sense of the Earth at a moment in which it is presented in crisis? Geostories is a manifesto on the environmental imagination that renders sensible the issues of climate change and through geographic fiction invites readers to relate to the complexity of Earth systems in their vast scales of time and space. The book is organized into three sections-terrarium, aquarium, planetarium, each of which revisits such devices of wonder that assemble publics around representations of the Earth. The series of architectural projects becomes a medium to synthesize different forms and scales of knowledge on technological externalities, such as oil extraction, deep-sea mining, ocean acidification, water shortage, air pollution, trash, space debris, and a host of other social-ecological issues. Through design research, Geostories brings together spatial history, geographic representation, projective design, and material public assemblies to speculate on ways of living with such legacy technologies on the planet."--
648 7 _a1900-1999
_2fast
650 0 _aArchitecture
_xEnvironmental aspects.
650 0 _aArchitecture and climate.
650 0 _aHuman beings
_xEffect of environment on.
650 0 _aHuman beings
_xEffect of climate on.
650 0 _aHuman geography.
650 7 _aHuman geography.
_2fast
650 7 _aHuman beings
_xEffect of environment on.
_2fast
650 7 _aHuman beings
_xEffect of climate on.
_2fast
650 7 _aArchitecture and climate.
_2fast
650 7 _aArchitecture
_xEnvironmental aspects.
_2fast
650 7 _aArchitecture, Modern.
_2fast
700 1 _aJazairy, El Hadi,
_d1970-
_eauthor.
942 _2ddc